000 00311nam a2200121Ia 4500
008 190802s9999 xx 000 0 und d
020 _a13:978-1-4511-9177-6
100 _aKaren Whalen
245 0 _aLippincott Illustrated Review Pharmacology
260 _aUSA
_bNew York
_c2015
300 _a664:p
942 _cBK
999 _c2384
_d2384